| 000 | 00782nam a2200265Ia 4500 | ||
|---|---|---|---|
| 008 | 160303s9999 xx 000 0 und d | ||
| 020 | _a978-971-23-5117-4 | ||
| 050 | _aFIL KPM 1030.3 | ||
| 050 | _b.C33 2008 | ||
| 100 | _aCabulay, Danny Araneta. | ||
| 245 | _aPhilippine tourism laws : | ||
| 245 | _ba comprehensive guide to studying laws relevant to the Philippin tourism industry / | ||
| 245 | _cDanny Araneta Cabulay. | ||
| 260 | _aManila: | ||
| 260 | _bRex Book Store, Inc., | ||
| 260 | _c2008 | ||
| 300 | _a370 pages : | ||
| 300 | _billustrations ; | ||
| 300 | _c26 cm. | ||
| 500 | _aIncludes bibliographical references and index. | ||
| 650 | _aLaw -- | ||
| 650 | _aTourism -- | ||
| 650 | _xLaw and legislation -- Philippines. | ||
| 650 | _xPhilippines | ||
| 999 |
_c291434 _d291434 |
||